000 03500cam a2200397 i 4500
001 20714462
005 20200827140014.0
008 180923t20192019enka b 001 0 eng c
906 _a7
_bcbc
_corignew
_d1
_eecip
_f20
_gy-gencatlg
925 0 _aacquire
_b1 shelf copy
_xpolicy default
955 _erk21 2018-10-26 to Dewey
_wxm06 2018-10-29
_frl06 2019-04-26 to CALM
010 _a 2018036918
020 _a9781138349216 (pbook)
020 _a9781138349285 (hardback)
020 _z9780429436376 (ebook)
020 _z9780429790768
_qebook
040 _aLBSOR/DLC
_beng
_cLBSOR
_erda
_dDLC
042 _apcc
050 0 0 _aT55
_b.B695 2019
082 0 0 _a658.4/08
_223
100 1 _aBoyle, Tony
_c(Health and safety consultant),
_eauthor.
_929532
245 1 0 _aHealth and safety :
_brisk management /
_cDr Tony Boyle.
250 _aFifth edition.
264 1 _aAbingdon, Oxon ;
_aNew York, NY :
_bRoutledge, Taylor & Francis Group,
_c2019.
264 4 _c©2019
300 _axi, 498 pages :
_billustrations ;
_c26 cm
336 _atext
_2rdacontent
337 _aunmediated
_2rdamedia
338 _avolume
_2rdacarrier
520 _a"Health and Safety: Risk Management is the clearest and most comprehensive book on risk management available today. This newly revised fifth edition takes into account new developments in legislation, standards and good practice. ISO 45001, the international health and safety management system Standard is given comprehensive treatment, and the latest ISO 9004 and ISO 19011 have also been addressed. The book is divided into four main parts. Part 1.1 begins with a basic introduction to the techniques of health and safety risk management and continues with a description of ISO 45001. Part 1.2 covers basic human factors including how the sense organs work and the psychology of the individual. Part 2.1 deals with more advanced techniques of risk management including advanced incident investigation, audit and risk assessment, and Part 2.2 covers a range of advanced human factors topics including human error and decision making. This authoritative treatment of health and safety risk management is essential reading for both students working towards degrees, diplomas and postgraduate or vocational qualifications, and experienced health and safety professionals, who will find it invaluable as a reference"--
_cProvided by publisher.
504 _aIncludes bibliographical references and index.
505 0 _aRisk management: setting the scene -- Key elements of risk management -- Risk assessment -- Risk control -- Safe systems of work -- Monitoring and measuring losses -- Identifying causes and patterns -- Monitoring and measuring conformity -- Other elements of occupational health and safety management systems -- Communication and training -- The individual: sensory and perceptual processes -- The individual: psychology -- The human factors environment -- Management systems -- Measuring performance -- Advanced accident investigation and risk assessment -- Advanced risk control techniques -- Emergency planning -- Advanced audit and review -- Financial issues -- Individual differences -- Human error -- Perception and decision making -- External influences on human error -- Improving human reliability.
650 0 _aIndustrial safety
_xManagement.
_929533
650 0 _aIndustrial hygiene
_xManagement.
_929534
985 _aLBSORCIP
_d2018-10-22
999 _c535041
_d535041